Marketingkommunikációs tevékenység elemzése, egy LEADER elvek mentén tevékenykedő Mezőföldi Vidékfejlesztési Egyesületben
| Szerző: | |
|---|---|
| További közreműködők: | |
| Dokumentumtípus: | Projektmunka |
| Kulcsszavak: | LEADER marketingkommunikáció nonbusiness marketing SWOT-elemzés vidékfejlesztés |
| Online Access: | http://dolgozattar.uni-bge.hu/60196 |
MARC
| LEADER | 00000nnm a2200000 i 4500 | ||
|---|---|---|---|
| 001 | dolg60196 | ||
| 005 | 20260409150125.0 | ||
| 008 | 260409suuuu hu o 000 hun d | ||
| 040 | |a BGE Dolgozattár Repozitórium |b hun | ||
| 041 | |a hu | ||
| 100 | 1 | |a Nagy Bettina Tímea | |
| 245 | 1 | 0 | |a Marketingkommunikációs tevékenység elemzése, egy LEADER elvek mentén tevékenykedő Mezőföldi Vidékfejlesztési Egyesületben |c Nagy Bettina Tímea |h [elektronikus dokumentum] |
| 516 | |a Project_work | ||
| 520 | 3 | |a Projektmunkám vizsgált objektuma, egy mezőföldi térségben vidékfejlesztési közbenjárásokat ellátó LEADER helyi akciócsoport volt, a marketingkomummunikáció témaköré építve. Záródolgozatom legfőbb célkitűzése az volt, hogy az olvasó számára biztosítani tudjam azt az átfogó képet egy civil-nonprofit szervezet kommunikációs tevékenységéről, hogy igen is, egy nonprofit alapon működő szervezetben is alkalmazzák a marketingkommunikációt, ráadásul elengedhetetlen a sikeres működéshez. Ehhez először is, szakirodalmi háttérrel alapoztam meg azt az elméleti tudást amit szükségesnek tartottam a téma megértése szempontjából. Dolgozatom gyakorlati részében pedig a mint már említett akciócsoport kommunikációját helyeztem górcső alá. A szervezet rövid ismertetését követően, az alkalmazott kommunikációjára helyeztem a hangsúlyt. Ez magába foglalta a célcsoportot, célkitűzéseket, azt, hogy mennyit is fordítanak kommunikációra, az alkalmazott eszközeiket, a COVID-19 világjárvány hatását az akciócsoport kommunikációjára. A fejezet végére pedig a rendelkezésemre álló primer-, szekunder információk segítségével elkészítettem a SWOT-analízist a szervezet kommunikációjára, továbbá javaslatokat fogalmaztam meg arra, milyen lehetőségek lehetnek javítására. | |
| 695 | |a LEADER | ||
| 695 | |a marketingkommunikáció | ||
| 695 | |a nonbusiness marketing | ||
| 695 | |a SWOT-elemzés | ||
| 695 | |a vidékfejlesztés | ||
| 700 | 1 | |a Gajzágó Dr. Éva Judit |e ths | |
| 856 | 4 | 0 | |u http://dolgozattar.uni-bge.hu/60196/1/Projektmunka-Nagy%20Bettina%202025%20VE%CC%81GLEGES.pdf |z Dokumentum-elérés |
| 856 | 4 | 0 | |u http://dolgozattar.uni-bge.hu/60196/2/KM%20FOSZK%20b%C3%ADr%C3%A1lati%20lap%20NB.pdf |z Dokumentum-elérés |